Statistics for Every single African country and their 5 biggest cities #1

Click here to take the quiz!

General Stats

  • This quiz has been taken 10 times
  • The average score is 25 of 50

Answer Stats

HintAnswer% Correct
EthiopiaAddis Ababa
100%
AlgeriaAlgiers
100%
MadagascarAntananarivo
100%
South AfricaCape Town
100%
MoroccoCasablanca
100%
South AfricaJohannesburg
100%
DRCKinshasa
100%
NigeriaLagos
100%
AngolaLuanda
100%
South AfricaPretoria
100%
MoroccoRabat
100%
CameroonYaounde
100%
South AfricaDurban
89%
MoroccoFes
89%
NigeriaKano
89%
MoroccoMarrakesh
89%
AlgeriaOran
89%
LibyaTripoli
89%
CameroonDouala
78%
LibyaBenghazi
67%
NigeriaBenin City
67%
AlgeriaConstantine
67%
DRCMbuji-Mayi
67%
NigeriaIbadan
56%
DRCLubumbashi
56%
NigeriaPort Harcourt
56%
AngolaBenguela
33%
AngolaHuambo
33%
DRCKisangani
33%
CameroonBamenda
22%
EthiopiaDire Dawa
22%
MoroccoSale
22%
MadagascarToamasina
22%
MadagascarAntsirabe
11%
MadagascarFianarantsoa
11%
CameroonGaroua
11%
CameroonKousseri
11%
AngolaLobito
11%
MadagascarMahajanga
11%
EthiopiaMek'ele
11%
South AfricaSoweto
11%
LibyaAl Khums
0%
EthiopiaBahir Dar
0%
AlgeriaBoumerdas
0%
DRCMasina
0%
LibyaMisratah
0%
EthiopiaNazret
0%
AngolaN'dalatando
0%
LibyaTarhuna
0%
AlgeriaTebessa
0%

Score Distribution

Percentile by Number Answered

Percent of People with Each Score

Your Score History

You have not taken this quiz